[Event "Oberoesterreich-ch Seniors"]
[Site "Ansfelden"]
[Date "2007.06.17"]
[Round "7.2"]
[White "Ziegler, Alfons"]
[Black "Garn, Erwin"]
[Result "1/2-1/2"]
[WhiteElo "1880"]
[BlackElo "2012"]
[PlyCount "69"]
[EventDate "2007.06.11"]
[EventType "swiss"]
[EventRounds "7"]
[EventCountry "AUT"]
[SourceTitle "EXT 2024"]
[Source "ChessBase"]
[SourceDate "2023.10.10"]
[SourceVersion "1"]
[SourceVersionDate "2023.10.10"]
[SourceQuality "1"]

1. d4 Nf6 2. c4 e6 3. Nf3 b6 4. g3 Ba6 5. Qc2 c5 6. Bg2 Nc6 7. a3 Bb7 8. dxc5 bxc5 9. 0-0 Be7 10. Nc3 0-0 11. b3 Rb8 12. Rd1 a6 13. e4 e5 14. Nd5 Nxd5 15. cxd5 Nd4 16. Nxd4 cxd4 17. Bd2 a5 18. Rdc1 Rc8 19. Qb2 f5 20. exf5 Bg5 21. Rxc8 Bxc8 22. Be4 d6 23. g4 Bh4 24. h3 g6 25. Qc2 gxf5 26. gxf5 Bg5 27. Kh1 Bxd2 28. Qxd2 Qh4 29. Rg1+ Kh8 30. Qd3 Qxf2 31. Rg2 Qf4 32. Rg4 Qc1+ 33. Rg1 Qf4 34. Rg4 Qc1+ 35. Rg1 1/2-1/2

[Event "Oberoesterreich-ch Seniors"]
[Site "Ansfelden"]
[Date "2007.06.13"]
[Round "3.2"]
[White "Ziegler, Alfons"]
[Black "Muehleder, Alois"]
[Result "1-0"]
[WhiteElo "1880"]
[BlackElo "1953"]
[PlyCount "85"]
[EventDate "2007.06.11"]
[EventType "swiss"]
[EventRounds "7"]
[EventCountry "AUT"]
[SourceTitle "EXT 2024"]
[Source "ChessBase"]
[SourceDate "2023.10.10"]
[SourceVersion "1"]
[SourceVersionDate "2023.10.10"]
[SourceQuality "1"]

1. d4 Nf6 2. c4 g6 3. Nc3 Bg7 4. e4 d6 5. Be2 0-0 6. Bg5 h6 7. Be3 e5 8. d5 Nbd7 9. Qd2 Kh7 10. g4 Nc5 11. f3 a5 12. h4 Ng8 13. h5 g5 14. Nh3 f6 15. Nf2 b6 16. 0-0 Bd7 17. Bd1 Re8 18. Bc2 a4 19. b3 axb3 20. axb3 Qe7 21. b4 Na6 22. Nd3 Reb8 23. Ra2 Bf8 24. Rfa1 Qe8 25. Rxa6 Rxa6 26. Rxa6 Qc8 27. Ra7 Ra8 28. Rxa8 Qxa8 29. Qc1 Ne7 30. Qb2 c5 31. dxc6 Nxc6 32. Nd5 Kg7 33. Bxb6 Qc8 34. Bd1 Qb7 35. Qa3 Be6 36. Be3 Bf7 37. b5 Nd4 38. Bxd4 exd4 39. Qa6 Bxd5 40. cxd5 Qc7 41. b6 Qc3 42. b7 Qd2 43. Nf2 1-0

[Event "EU-chT Seniors 02nd"]
[Site "Dresden"]
[Date "2000.03.08"]
[Round "7.2"]
[White "Ziegler, Alfons"]
[Black "Rosen, Willy"]
[Result "0-1"]
[WhiteElo "1911"]
[BlackElo "2308"]
[PlyCount "56"]
[EventDate "2000.03.01"]
[EventType "team-swiss"]
[EventRounds "7"]
[EventCountry "GER"]
[SourceTitle "EXT 2005"]
[Source "ChessBase"]
[SourceDate "2004.11.15"]
[SourceVersion "1"]
[SourceVersionDate "2004.11.15"]
[SourceQuality "1"]

1. d4 Nf6 2. c4 e6 3. Nc3 Bb4 4. Qc2 0-0 5. e3 b6 6. a3 Bxc3+ 7. Qxc3 c5 8. Bd3 d6 9. Ne2 e5 10. 0-0 Nc6 11. b3 Ne8 12. Be4 exd4 13. exd4 Bd7 14. Bb2 Rc8 15. Bxc6 Bxc6 16. d5 Bd7 17. Rfe1 Qg5 18. Ng3 f5 19. Re2 Nf6 20. f3 h5 21. Bc1 Qg6 22. Qe1 Rce8 23. Raa2 h4 24. Rxe8 Rxe8 25. Ne2 h3 26. g3 Nh5 27. Qf1 f4 28. Bxf4 Rxe2 0-1

[Event "EU-chT Seniors 02nd"]
[Site "Dresden"]
[Date "2000.03.05"]
[Round "5.2"]
[White "Titz, Herbert"]
[Black "Ziegler, Alfons"]
[Result "0-1"]
[WhiteElo "1995"]
[BlackElo "1911"]
[PlyCount "70"]
[EventDate "2000.03.01"]
[EventType "team-swiss"]
[EventRounds "7"]
[EventCountry "GER"]
[SourceTitle "EXT 2005"]
[Source "ChessBase"]
[SourceDate "2004.11.15"]
[SourceVersion "1"]
[SourceVersionDate "2004.11.15"]
[SourceQuality "1"]

1. e4 c5 2. Nf3 e6 3. d4 cxd4 4. c3 Nc6 5. Nxd4 Nf6 6. Bd3 Bc5 7. Nb3 Be7 8. Bf4 d6 9. N1d2 a6 10. a4 0-0 11. a5 Nd7 12. 0-0 b5 13. axb6 Nxb6 14. Qe2 a5 15. Bb5 Na7 16. Rxa5 Nxb5 17. Rxa8 Nxc3 18. bxc3 Nxa8 19. Ra1 Bd7 20. Qa6 Nc7 21. Qb6 Nb5 22. Qe3 e5 23. Bg3 Bg5 24. Qd3 Qb6 25. c4 Bxd2 26. cxb5 Bb4 27. Ra6 Qb8 28. Qe3 Rc8 29. h4 h6 30. b6 Rc3 31. b7 Qxb7 32. Qa7 Bc6 33. Na5 Qxa7 34. Rxa7 Bxe4 35. f3 Bc5+ 0-1

[Event "EU-chT Seniors 02nd"]
[Site "Dresden"]
[Date "2000.03.04"]
[Round "4.2"]
[White "Ziegler, Alfons"]
[Black "Koksch, Guenther"]
[Result "1/2-1/2"]
[WhiteElo "1911"]
[BlackElo "1962"]
[PlyCount "107"]
[EventDate "2000.03.01"]
[EventType "team-swiss"]
[EventRounds "7"]
[EventCountry "GER"]
[SourceTitle "EXT 2005"]
[Source "ChessBase"]
[SourceDate "2004.11.15"]
[SourceVersion "1"]
[SourceVersionDate "2004.11.15"]
[SourceQuality "1"]

1. d4 e6 2. c4 f5 3. Nf3 Nf6 4. g3 d6 5. Bg2 Be7 6. 0-0 0-0 7. Nc3 a5 8. Qc2 Nc6 9. a3 e5 10. dxe5 dxe5 11. Rd1 Qe8 12. b3 Qh5 13. Nd5 Bd8 14. Bb2 f4 15. gxf4 Bh3 16. Bxh3 Qxh3 17. Ng5 Qh5 18. Rd3 exf4 19. Nxf6+ Bxf6 20. Nf3 Rae8 21. Kh1 Qf5 22. Rg1 Re7 23. Bxf6 Rxf6 24. Qd2 Qe4 25. Qc3 Rfe6 26. Rg2 Qxe2 27. Rd2 Qf1+ 28. Rg1 Qh3 29. Rd3 Rh6 30. Qd2 Qf5 31. Rd5 Qe4 32. Qd3 Qxd3 33. Rxd3 Rf6 34. Rgd1 h6 35. Rd7 Rxd7 36. Rxd7 Rf7 37. Rd5 g5 38. h3 Kg7 39. Kg2 Re7 40. Nd4 Nxd4 41. Rxd4 Kf6 42. b4 axb4 43. axb4 h5 44. Kf3 c6 45. Rd8 Kf5 46. Rf8+ Kg6 47. Rg8+ Kf6 48. Rh8 Kg6 49. Rg8+ Rg7 50. Rf8 Rf7 51. Rg8+ Kf5 52. c5 g4+ 53. hxg4+ hxg4+ 54. Rxg4 1/2-1/2

[Event "Donau op-B 08th"]
[Site "Aschach"]
[Date "1999.12.28"]
[Round "4"]
[White "Ziegler, Alfons"]
[Black "Moosleitner, Hugo"]
[Result "1-0"]
[WhiteElo "1877"]
[BlackElo "1803"]
[PlyCount "90"]
[EventDate "1999.12.26"]
[EventType "swiss"]
[EventRounds "7"]
[EventCountry "AUT"]
[SourceTitle "EXT 2004"]
[Source "ChessBase"]
[SourceDate "2003.11.25"]
[SourceVersion "1"]
[SourceVersionDate "2003.11.25"]
[SourceQuality "1"]

1. d4 Nf6 2. c4 g6 3. Nc3 d5 4. Nf3 Bg7 5. Qb3 dxc4 6. Qxc4 Nbd7 7. e4 Nb6 8. Qb3 c6 9. Be2 Be6 10. Qc2 Qc7 11. Ne5 Rc8 12. f4 h5 13. h3 h4 14. 0-0 Nh5 15. Bxh5 Rxh5 16. b3 Nd7 17. Qe2 Nxe5 18. dxe5 Rh7 19. Be3 Bd7 20. Rac1 Qa5 21. Bd2 Qc7 22. Kh1 Qb8 23. Qf2 b6 24. Nd1 c5 25. Ne3 Qb7 26. Nd5 e6 27. Nc3 Rh5 28. a4 a6 29. Qe3 Bf8 30. Qe2 Be7 31. Rf2 Kf8 32. Re1 b5 33. axb5 axb5 34. f5 exf5 35. Nd5 Be6 36. Nxe7 Kxe7 37. exf5 Rxf5 38. Rxf5 Bxf5 39. Bg5+ Ke6 40. Rd1 Rc6 41. Rd8 c4 42. Qf3 Qd7 43. Rxd7 Kxd7 44. Qd5+ Kc7 45. Bd8+ Kb7 1-0

[Event "Wch Seniors 08th"]
[Site "Grieskirchen"]
[Date "1998.11.12"]
[Round "4"]
[White "Wegener, Hans Karl"]
[Black "Ziegler, Alfons"]
[Result "1-0"]
[WhiteElo "1918"]
[BlackElo "1815"]
[PlyCount "91"]
[EventDate "1998.11.08"]
[EventType "swiss"]
[EventRounds "11"]
[EventCountry "AUT"]
[SourceTitle "CBM 067 Extra"]
[Source "ChessBase"]
[SourceDate "1999.01.01"]
[SourceVersion "1"]
[SourceVersionDate "1999.01.01"]
[SourceQuality "1"]

1. e4 c5 2. Nf3 Nc6 3. d4 cxd4 4. Nxd4 e6 5. Nb5 d6 6. Bf4 e5 7. Be3 a6 8. N5c3 Nf6 9. Nd5 Nxd5 10. Qxd5 Be6 11. Qd2 d5 12. exd5 Qxd5 13. Qxd5 Bxd5 14. Bb6 Rc8 15. Nc3 Be6 16. 0-0-0 Be7 17. Nd5 Bd8 18. Bxd8 Nxd8 19. Kb1 Rc5 20. c4 Bxd5 21. cxd5 f6 22. Be2 Nf7 23. Rc1 Rxc1+ 24. Rxc1 Kd7 25. Bg4+ Kd6 26. Bc8 Nd8 27. Rc3 Re8 28. g4 Re7 29. Bf5 g6 30. Rc8 Nf7 31. Be6 Ng5 32. Rd8+ Kc7 33. Rf8 Nxe6 34. Rxf6 Kd7 35. dxe6+ Rxe6 36. Rf7+ Re7 37. Rxe7+ Kxe7 38. Kc2 Kf6 39. h4 e4 40. Kd2 g5 41. Ke3 gxh4 42. Kxe4 Kg5 43. Kf3 h3 44. Kg3 h5 45. f4+ Kg6 46. g5 1-0

[Event "Wch Seniors 08th"]
[Site "Grieskirchen"]
[Date "1998.11.10"]
[Round "2"]
[White "Knobling, Rolf"]
[Black "Ziegler, Alfons"]
[Result "1/2-1/2"]
[WhiteElo "1452"]
[BlackElo "1815"]
[PlyCount "42"]
[EventDate "1998.11.08"]
[EventType "swiss"]
[EventRounds "11"]
[EventCountry "AUT"]
[SourceTitle "CBM 067 Extra"]
[Source "ChessBase"]
[SourceDate "1999.01.01"]
[SourceVersion "1"]
[SourceVersionDate "1999.01.01"]
[SourceQuality "1"]

1. e4 c5 2. Nf3 e6 3. d4 cxd4 4. Nxd4 a6 5. Nc3 Nc6 6. Be3 Qc7 7. a4 Nf6 8. f3 d6 9. Qd2 Bd7 10. Be2 Be7 11. 0-0 0-0 12. Nb3 Ne5 13. Rad1 Nc4 14. Bxc4 Qxc4 15. Bb6 Ne8 16. Qe2 Qxe2 17. Nxe2 Rc8 18. Nc3 Nc7 19. Rd3 d5 20. Bxc7 Rxc7 21. exd5 Bf6 1/2-1/2

[Event "Wch Seniors 08th"]
[Site "Grieskirchen"]
[Date "1998.11.09"]
[Round "1"]
[White "Ziegler, Alfons"]
[Black "Cafferty, Bernard"]
[Result "0-1"]
[WhiteElo "1815"]
[BlackElo "2239"]
[PlyCount "58"]
[EventDate "1998.11.08"]
[EventType "swiss"]
[EventRounds "11"]
[EventCountry "AUT"]
[SourceTitle "CBM 067 Extra"]
[Source "ChessBase"]
[SourceDate "1999.01.01"]
[SourceVersion "1"]
[SourceVersionDate "1999.01.01"]
[SourceQuality "1"]

1. d4 Nf6 2. c4 e6 3. Nc3 Bb4 4. Qc2 0-0 5. Nf3 c5 6. e3 d5 7. Bd3 Nc6 8. a3 cxd4 9. exd4 dxc4 10. Be2 Bxc3+ 11. bxc3 Qd5 12. 0-0 e5 13. dxe5 Nxe5 14. Nxe5 Qxe5 15. Bxc4 Ng4 16. g3 Qh5 17. h4 Ne5 18. Be2 Bg4 19. Bxg4 Qxg4 20. Qd1 Qc4 21. Rb1 Rad8 22. Qc2 Nf3+ 23. Kg2 Qc6 24. Kh3 Qe6+ 25. Kg2 Nxh4+ 26. gxh4 Qg4+ 27. Kh2 Qxh4+ 28. Kg2 Qg4+ 29. Kh2 Rd5 0-1